Young European architects
Guardat en:
| Format: | Llibre |
|---|---|
| Idioma: | espanyol anglès alemany francès italià |
| Publicat: |
Londres
Daab
2006
|
| Matèries: | |
| Etiquetes: |
Afegir etiqueta
Sense etiquetes, Sigues el primer a etiquetar aquest registre!
|
MARC
| LEADER | 00000nam a2200000 a 4500 | ||
|---|---|---|---|
| 001 | UCG4615 | ||
| 003 | CL-VaPUC | ||
| 008 | 101111e20060000UK |||||||||||||||||spa|d | ||
| 020 | |a 9783937718729 | ||
| 041 | 0 | 7 | |a spa |2 CL-VaPUC |
| 041 | 0 | 7 | |a eng |2 CL-VaPUC |
| 041 | 0 | 7 | |a ger |2 CL-VaPUC |
| 041 | 0 | 7 | |a fre |2 CL-VaPUC |
| 041 | 0 | 7 | |a ita |2 CL-VaPUC |
| 082 | 0 | 4 | |a 720.94 |b YOU |2 21 |
| 245 | 1 | 0 | |a Young European architects |
| 300 | |a 400 p | ||
| 942 | |c BK | ||
| 945 | |d 20101111 00:00:00 |a mfarfan | ||
| 260 | |a Londres |b Daab |c 2006 | ||
| 650 | 0 | |a Arquitectura |9 804558 | |
| 650 | 0 | |a Arquitectos |9 268647 | |
| 651 | 0 | |a Europa |9 255156 | |
| 583 | |a last modification |c 20101111 00:00:00 |k Rodrigo Vera | ||
| 999 | |c 343302 |d 343300 | ||
| 952 | |0 0 |1 0 |4 0 |6 720_940000000000000_YOU_2006 |7 0 |8 A |9 440523 |a BIBARQ |b BIBARQ |d 2019-11-22 |i 4733746 |l 1 |o 720.94 YOU 2006 |p 4733746 |r 2025-04-15 |s 2025-04-09 |w 2019-11-22 |y BK |k ARQ | ||